Đang tải...

Asian kathakal

Chi tiết về thư mục
Tác giả chính: Kunhikrishnan, K; Ed
Định dạng: Printed Book
Được phát hành: Kottayam, DCB 1994
LEADER 003780000a22001210004500
040 |a MAL 
082 |a A301 08 M53 
100 |a Kunhikrishnan, K; Ed 
245 |a Asian kathakal 
260 |a Kottayam, DCB 
260 |c 1994 
999 |c 23488  |d 23488 
952 |0 0  |1 0  |4 0  |6 A_301_080000000000000_M53  |7 0  |8 MAL  |9 23310  |a MGUL  |b MGUL  |d 2013-07-16  |l 1  |m 1  |o A301 08 M53  |p 23842  |r 2015-03-06  |s 2015-02-10  |w 2013-07-16  |y BK